书目信息 |
| 题名: |
中国图书资料分类法
|
|
| 作者: | ;中国图书馆图书分类法编辑委员会 编 ;中国图书资料分类法修订组 修订 | |
| 分册: | ||
| 出版信息: | 北京 科学技术文献出版社 1982 |
|
| 页数: | 923页 | |
| 开本: | 25cm | |
| 丛书名: | ||
| 单 册: | ||
| 中图分类: | G254.12 | |
| 科图分类: | ||
| 主题词: | 分类表 | |
| 电子资源: | ||
| ISBN: | ||
| 000 | 00871nam0 2200253 45 | |
| 001 | 0182003217 | |
| 005 | 20060909152730.67 | |
| 010 | @b精装@dCNY21.50 | |
| 091 | @a17176.311 | |
| 100 | @a19950613d1982 emky0chiy0121 ea | |
| 101 | 0 | @achi |
| 102 | @aCN@b110000 | |
| 105 | @ay z 000yy | |
| 200 | 10 | @a中国图书资料分类法@Azhong guo tu shu zi liao fen lei fa@f中国图书馆图书分类法编辑委员会编@FZhong Guo Tu Shu Guan Tu Shu Fen Lei Fa Bian Ji Wei Yuan Hui Bian@g中国图书资料分类法修订组修订 |
| 205 | @a2版 | |
| 210 | @a北京@c科学技术文献出版社@d1982@h1985 | |
| 215 | @a923页@d25cm | |
| 606 | 0 | @a分类表 |
| 690 | @aG254.12@v3 | |
| 711 | 02 | @a中国图书馆图书分类法编辑委员会@4编 |
| 712 | 02 | @a中国图书资料分类法修订组@Azhong guo tu shu zi liao fen lei fa xiu dingzu@4修订 |
| 801 | 0 | @aCN@b上海图书馆@c20060909 |
| 801 | 2 | @aCN@bNLC@c20060909 |
| 905 | @dG254.12@e18=2 | |
| 中国图书资料分类法/中国图书馆图书分类法编辑委员会编/中国图书资料分类法修订组修订.-2版.-北京:科学技术文献出版社,1982(1985) |
| 923页;25cm |
| ISBN (精装):CNY21.50 |
| ● |
| 相关链接 |
|
|
|
|
正题名:中国图书资料分类法
索取号:G254.12/18=2
 
预约/预借
| 序号 | 登录号 | 条形码 | 馆藏地/架位号 | 状态 | 备注 |
| 1 | 0107036 | 000502174 | 第一样本阅览室/ [索取号:G254.12/18=2] | 在馆 | |
| 2 | 0107037 | 002033016 | 密集书库/ [索取号:G254.12/18=2] | 在馆 | |
| 3 | 0107064 | 000502192 | 密集书库/ [索取号:G254.12/18=2] | 在馆 | |
| 4 | 0447259 | 204472597 | 密集书库/ [索取号:G254.12/18=2] | 在馆 | |
| 5 | 0448559 | 204485592 | 密集书库/ [索取号:G254.12/18=2] | 在馆 | |
| 6 | 0464923 | 204649238 | 密集书库/ [索取号:G254.12/18=2] | 在馆 | |
| 7 | 0464924 | 204649247 | 密集书库/ [索取号:G254.12/18=2] | 在馆 | |
| 8 | 0464925 | 204649256 | 密集书库/ [索取号:G254.12/18=2] | 在馆 | |
| 9 | 0464926 | 204649265 | 密集书库/ [索取号:G254.12/18=2] | 在馆 | |
| 10 | 0464927 | 204649274 | 密集书库/ [索取号:G254.12/18=2] | 在馆 | |
| 11 | 0464928 | 204649283 | 密集书库/ [索取号:G254.12/18=2] | 在馆 | |
| 12 | 0464929 | 204649292 | 密集书库/ [索取号:G254.12/18=2] | 在馆 | |
| 13 | 0471781 | 204717814 | 密集书库/ [索取号:G254.12/18=2] | 在馆 | |
| 14 | 0471782 | 204717823 | 密集书库/ [索取号:G254.12/18=2] | 在馆 |